000 00577nam a2200193 a 4500
003 PILC
005 20160222102440.0
008 080115s19uu xx 00 eng d
020 _a9780060858209
050 _aE 901.1.O23
_b.M46 2007
100 _aMendell, David.
245 _aObama :
_bfrom promise to power /
_cDavid Mendell.
260 _aNew York :
_bHarperCollins Publishers,
_c2007.
300 _a406 pages :
_billustrations ;
_c24 cm.
650 _aObama, Barack.
650 _aUnited States. Congress. Senate
_xBiography.
942 _cBK
_2lcc
_kFOR
999 _c22814
_d22814